| 000 | 00403nam a2200109Ia 4500 | ||
|---|---|---|---|
| 008 | 180213s9999||||xx |||||||||||||| ||und|| | ||
| 020 |
_cNT270 _a978-957-13-7092-7 |
||
| 100 | _a楊鈺儀 | ||
| 245 | 0 |
_c楊鈺儀 _a讓自己快速進化的PDCA筆記術:每天五分鐘,利用筆記╳四條線,讓你杜絕瞎忙、縮短工時、解決難題、持續成長 |
|
| 250 | _a初版 | ||
| 260 |
_c2017 _a台北市 |
||
| 942 |
_2ccl _cBOOK |
||
| 999 |
_c4305 _d4305 |
||